000 01524nam a22002057a 4500
999 _c59760
_d59760
003 Ge_BSU
005 20230411121308.0
008 230411s1976 ge ||||| |||| 00| 0 geo d
041 _ageo
080 _a902.2(479.222.3) ჩ-23
100 _aჩართოლანი, შოთა
_917555
245 _aმასალები სვანეთის არქეოლოგიისათვის /
_bნაწ. 1, სვანეთის კომპლექსური ექსპედიციის 1972-1974 წლების არქეოლოგიური მუშაობის შედეგები.
_cშოთა ჩართოლანი; რედ. ო ლორთქიფანიძე; ივ. ჯავახიშვილის სახ. ისტორიის, არქეოლოგიისა და ეთნოგრაფიის ინ-ტი.
264 _aთბილისი :
_bმეცნიერება,
_c1976.
300 _a80 გვ.:
_b+ ტაბულები;
_c21 სმ.
653 _aსვანეთის არქეოლოგია
653 _aსვანეთის ექსპრდიცია 1972-1974 წწ.
700 _aლორთქიფანიძე, ო.
_eრედაქტორი
_917578
710 _aივ. ჯავახიშვილის სახ. ისტორიის, არქეოლოგიისა და ეთნოგრაფიის ინ-ტი.
_917613
942 _2udc
_cBK